| 000 | 00612nam a2200193Ia 4500 | ||
|---|---|---|---|
| 005 | 20250507130302.0 | ||
| 008 | 008 250505s9999 xx 000 0 eng d | ||
| 037 | _aSeries Article | ||
| 040 |
_aEASL _beng _cEASL |
||
| 041 |
_aeng _2eng |
||
| 084 | _qEASL | ||
| 100 | _aGuite Jangkhomang | ||
| 245 | 0 | _aColonialism and its Unruky?: The Colonial State and Kuki Raids in nineteenth century Northeast India | |
| 260 |
_aUSA _bNew York Cambridge University Press U.K _c2014 |
||
| 300 | _a1188-1232pp. | ||
| 650 |
_aAsian Studies; Colonial _9755061 |
||
| 942 | _cSRA | ||
| 999 |
_c1318772 _d1318772 |
||